MARC

LEADER 00000nas a2200000 a 4500
001 ssj0000914
003 WaSeSS
005 20200512172242.0
006 m d
007 cr n
008 010808c19919999enkqr pss 0 0eng c
010 |a  2002253336 
015 |a GBB351013  |2 bnb 
016 7 |a 2026866 -X  |2 DE-600 
016 7 |a 012432485  |2 Uk 
016 7 |a 2026866 X  |2 DE-600 
022 |a 1468-2885  |l 1050-3293  |y 1050-3293 
024 7 |a P87  |2 LCclass 
035 |a (WaSeSS)ssj0000914 
040 |a PUL  |b eng  |c PUL  |d WAU  |d OCL  |d OCLCQ  |d OCLCS  |d OCLCQ  |d EYM  |d UQ1  |d GUA  |d OCLCQ  |d GUA  |d UKMGB  |d OCLCQ  |d OCLCO  |d OCLCF  |d OCLCO  |d OCLCQ  |d SCB  |d OCLCO  |d DEFHM  |d OCLCO  |d OCLCA  |d NLE  |d SCB  |d EZC  |d REC  |d OCLCQ  |d VT2  |d NJT  |d OCLCA  |d SFB  |d WaSeSS 
042 |a pcc 
050 1 4 |a P87 
245 0 0 |a Communication theory  |h [electronic resource]. 
260 |a Oxford, U.K. :  |b Oxford University Press on behalf of the International Communication Association 
310 |a Quarterly 
362 1 |a Print began with vol. 1, no. 1 (Feb. 1991). 
506 |a License restrictions may limit access. 
538 |a Mode of access: World Wide Web. 
588 |a Description based on: Vol. 6, no. 1 (Feb. 1996); title from contents screen (Wiley Interscience, viewed Apr. 22, 2010). 
588 |a Latest issue consulted: Vol. 20, no. 2 (May 2010) (Wiley Interscience, viewed Apr. 22, 2010). 
650 0 |a Communication  |v Periodicals. 
650 0 |a Information theory  |v Periodicals. 
650 7 |a Communication.  |2 fast  |0 (OCoLC)fst00869952 
650 7 |a Information theory.  |2 fast  |0 (OCoLC)fst00973149 
650 7 |a Kommunikation  |2 gnd 
650 7 |a Informationstheorie  |2 gnd 
650 7 |a Théorie de l'information.  |2 rasuqam 
650 7 |a Communication.  |2 rasuqam 
655 0 |a Electronic journals. 
710 2 |a International Communication Association. 
776 0 8 |i Print version:  |t Communication theory  |x 1050-3293  |w (DLC) 91660236  |w (OCoLC)21463248 
856 4 0 |z Full text available from Research Library: 08/01/1997 to 11/30/1997  |u https://search.proquest.com/publication/31256